00000000nam##2200000za#4500
0019.618294
003CaOODSP
00520210615102732
007ta
008150406|2007||||xxc|||||     f|0| 0 eng|d
022 |a0706-6457
040 |aCaOODSP|beng
043 |an-cn---
0861 |aFs97-6/2685E
1101 |aCanada. |bDepartment of Fisheries and Oceans.
24514|aThe effect of sock spacing on the productivity of mussel on a longline system / |cby A. Drapeau ... [et al.]
260 |aMoncton - New Brunswick : |bFisheries and Oceans Canada |c2007.
300 |avii, 22p. : |bgraphs, maps, references, tables ; |c28 cm.
4901 |aCanadian technical report of fisheries and aquatic sciences|x0706-6457|vNo. 2685
500 |a"Department of Fisheries and Oceans, Gulf Fisheries Centre, P.O. Box 5030, Oceans and Science Branch, Moncton, New Brunswick, E1C 9B6".
5203 |aThis report is part of a series containing scientific and technical information that widens existing scientific knowledge but is not considered appropriate for publication in the primary literature. The research covers such subjects as ecosystem models, methods for enhancing aquaculture, commercial fishing equipment, and environmental threats to aquatic quality and fisheries resources. Includes tables, graphs, and charts.
546 |a(Résumé en français.)
563 |aSoftcover
590 |a07-18|b2007-05-04
69007|aShellfish|2gcpds
7201 |aDrapeau, A.
7760#|tThe effect of sock spacing on the productivity of mussel on a longline system / |w(CaOODSP)9.574225
830#0|aCanadian technical report of fisheries and aquatic sciences,|x0706-6457|vNo. 2685|w(CaOODSP)9.514691
986 |aMG-01-06-026